| 000 | 006400000a22002290004500 | ||
|---|---|---|---|
| 003 | LK-CoMWRAF | ||
| 005 | 20230917231430.0 | ||
| 008 | 230817t1981 ||||| |||| 00| 0 eng d | ||
| 040 |
_aLK-CoMWRAF _dLK-CoMWRAF _eLK-CoMWRAF |
||
| 041 | _aeng | ||
| 082 |
_a253.314 _bMAU |
||
| 100 | _aMaududi, Sayyid Abul Al'a | ||
| 245 | _aThe Road to peace and salvation | ||
| 250 | _a3rd Edition | ||
| 260 |
_aIndia (Delhi) : _bMarkazi Maktaba Islami _c1967 |
||
| 300 | _a30p | ||
| 650 | _aA Doubt Dispelled | ||
| 650 | _aReal Cause of Man's Distress | ||
| 650 | _aUnity of God | ||
| 650 | _aWhy Injustice?How to Establish Peace? | ||
| 942 | _cBK | ||
| 999 |
_c1942 _d1942 |
||